[Event "DVM U16 2003"]
[Site "Greifswald GER"]
[Date "2003.12.28"]
[Round "4"]
[White "Hoffmann, Udo"]
[Black "Krizek, Michael"]
[Result "1-0"]
[Termination "normal"]
[Board "6.1"]
[WhiteElo "2138"]
[BlackElo "1588"]
[WhiteTeam "SF 74 Heinsberg"]
[BlackTeam "TSG Apolda"]
[PlyCount "55"]
[WhiteFideId "24605735"]
[EventCountry "GER"]
[EventRounds "7"]
[EventType "team-swiss"]
[EventDate "2003.12.26"]

1. e4 c5 2. b3 Nc6 3. Bb2 e6 4. Bb5 a6 5. Bxc6 bxc6 6. d3 d5 7. Nc3 d4 8. Nb1
e5 9. Ne2 Bd6 10. Nd2 Be6 11. O-O Qc7 12. Ng3 Ne7 13. Nh5 O-O 14. Qe2 Qd7 15.
Ng3 f5 16. exf5 Nxf5 17. Nge4 Bd5 18. Nc4 Bxc4 19. bxc4 Ne7 20. Ba3 Ng6 21. g3
Qe7 22. Qh5 Rfe8 23. Rae1 Rab8 24. f4 Nf8 25. fxe5 Bxe5 26. Bxc5 Qc7 27. Ng5
Bf6 28. Rxe8 1-0

[Event "DVM U16 2003"]
[Site "Greifswald GER"]
[Date "2003.12.28"]
[Round "4"]
[White "Gebhardt, Martin"]
[Black "van Orsouw, Niclas"]
[Result "1-0"]
[Termination "normal"]
[Board "6.2"]
[WhiteElo "1635"]
[BlackElo "1645"]
[WhiteTeam "TSG Apolda"]
[BlackTeam "SF 74 Heinsberg"]
[PlyCount "77"]
[WhiteFideId "24626317"]
[EventCountry "GER"]
[EventRounds "7"]
[EventType "team-swiss"]
[EventDate "2003.12.26"]

1. e4 c5 2. Nc3 Nc6 3. g3 g6 4. Bg2 Bg7 5. d3 e6 6. Nh3 d6 7. O-O Nge7 8. Be3
Rb8 9. Qd2 b5 10. Bh6 O-O 11. Bxg7 Kxg7 12. Nd1 b4 13. Ne3 f5 14. f4 d5 15.
exd5 exd5 16. Rae1 h6 17. Kh1 Qd6 18. Ng1 Be6 19. Rf2 Rbd8 20. Rd1 Rfe8 21. Re2
Nc8 22. h3 Nb6 23. b3 Nd4 24. Ree1 Nb5 25. Ne2 Bf7 26. g4 Nc3 27. Nxc3 bxc3 28.
Qf2 d4 29. Nf1 Nd5 30. gxf5 gxf5 31. Bxd5 Bxd5+ 32. Kh2 Kh7 33. Qh4 Bc6 34. Ng3
Qd5 35. Rg1 Qf3 36. Rdf1 Qd5 37. Qh5 Re3 38. Nxf5 Re6 39. Qf7+ 1-0

[Event "DVM U16 2003"]
[Site "Greifswald GER"]
[Date "2003.12.28"]
[Round "4"]
[White "Vieten, Florian"]
[Black "Nißler, Daniel"]
[Result "0-1"]
[Termination "normal"]
[Board "6.3"]
[WhiteElo "1538"]
[BlackElo "1424"]
[WhiteTeam "SF 74 Heinsberg"]
[BlackTeam "TSG Apolda"]
[PlyCount "92"]
[EventCountry "GER"]
[EventRounds "7"]
[EventType "team-swiss"]
[EventDate "2003.12.26"]

1. e4 e6 2. b3 d5 3. Bb2 c5 4. f4 Nf6 5. e5 Nfd7 6. Qg4 Nc6 7. Nf3 b6 8. Nc3
Bb7 9. Nb5 Rg8 10. Bd3 g6 11. h4 a6 12. Nc3 Qe7 13. O-O-O O-O-O 14. h5 f5 15.
Qg3 d4 16. Ne2 Nb4 17. Kb1 Nxd3 18. cxd3 Kb8 19. h6 Ka8 20. Ng5 Nb8 21. Ba3 Qd7
22. Ng1 Rh8 23. N1f3 Qe8 24. Ne1 Bd5 25. Nc2 a5 26. Rde1 Rd7 27. Kc1 b5 28. Kd1
b4 29. Bb2 Ra7 30. Ke2 Qc6 31. Rc1 Qb7 32. Rcg1 a4 33. Na1 axb3 34. axb3 Ra2
35. Rb1 Bxg2 36. Rh2 Bd5 37. Nf3 Qa7 38. Qg1 Na6 39. Ne1 Nc7 40. Qg5 Nb5 41.
Qf6 Rg8 42. Nec2 Qe7 43. Qxe7 Bxe7 44. Rf2 g5 45. Kf1 g4 46. Rh2 Rg6 0-1

[Event "DVM U16 2003"]
[Site "Greifswald GER"]
[Date "2003.12.28"]
[Round "4"]
[White "Nikol, Christoph"]
[Black "Otten, Thomas"]
[Result "1-0"]
[Termination "normal"]
[Board "6.4"]
[WhiteElo "1468"]
[BlackElo "1324"]
[WhiteTeam "TSG Apolda"]
[BlackTeam "SF 74 Heinsberg"]
[PlyCount "81"]
[EventCountry "GER"]
[EventRounds "7"]
[EventType "team-swiss"]
[EventDate "2003.12.26"]

1. e4 e5 2. Nf3 Nc6 3. Bb5 Nf6 4. O-O d6 5. d4 Bd7 6. Re1 Nxd4 7. Bxd7+ Nxd7 8.
Nxd4 exd4 9. Qxd4 Qf6 10. Qa4 c6 11. Nc3 Be7 12. Be3 a6 13. Qc4 Ne5 14. Qe2 O-O
15. Rad1 Qh4 16. h3 f5 17. exf5 Rxf5 18. Rd4 Qf6 19. Ne4 Qg6 20. f4 Nd7 21. Qd2
d5 22. c4 Nb6 23. cxd5 Rxd5 24. Rxd5 Nxd5 25. Nc3 Bb4 26. Bd4 Qg3 27. Rf1 Rf8
28. Rf3 Bxc3 29. bxc3 Qg6 30. Kh2 Qe6 31. Rg3 Nf6 32. Re3 Qf5 33. Be5 Nd7 34.
g4 Qf7 35. Bd6 Re8 36. Kg3 Rxe3+ 37. Qxe3 Nf6 38. Qa7 Qd5 39. Qb8+ Kf7 40. Qf8+
Kg6 41. f5+ 1-0

[Event "DVM U16 2003"]
[Site "Greifswald GER"]
[Date "2003.12.28"]
[Round "4"]
[White "Strohhäker, Raoul"]
[Black "Galbraith, Martin"]
[Result "1/2-1/2"]
[Termination "normal"]
[Board "7.1"]
[WhiteElo "2106"]
[BlackElo "2095"]
[WhiteTeam "SF Conweiler"]
[BlackTeam "SK Gau-Algesheim"]
[PlyCount "60"]
[WhiteFideId "4687400"]
[BlackFideId "4697448"]
[EventCountry "GER"]
[EventRounds "7"]
[EventType "team-swiss"]
[EventDate "2003.12.26"]

1. c4 c6 2. b3 d5 3. Bb2 Bf5 4. d3 Nf6 5. g3 e6 6. Bg2 Be7 7. Nf3 h6 8. O-O O-O
9. Nbd2 Nbd7 10. Re1 a5 11. a3 Qb6 12. e4 Bh7 13. exd5 cxd5 14. d4 dxc4 15.
Nxc4 Qa6 16. Nfe5 Nxe5 17. dxe5 Rfd8 18. Nd6 Bxd6 19. exf6 Bf8 20. Qg4 Bf5 21.
Qf3 Rd3 22. Qxb7 Qxb7 23. Bxb7 Rb8 24. Be4 Bxe4 25. Rxe4 Rbxb3 26. fxg7 Bxg7
27. Bxg7 Kxg7 28. Ra4 Rb5 29. Ra2 Rf5 30. Kg2 Rb3 1/2-1/2

[Event "DVM U16 2003"]
[Site "Greifswald GER"]
[Date "2003.12.28"]
[Round "4"]
[White "Becker, Matthias"]
[Black "Strohhäker, Ralph"]
[Result "0-1"]
[Termination "normal"]
[Board "7.2"]
[WhiteElo "1486"]
[BlackElo "2131"]
[WhiteTeam "SK Gau-Algesheim"]
[BlackTeam "SF Conweiler"]
[PlyCount "120"]
[WhiteFideId "24625850"]
[BlackFideId "4693426"]
[EventCountry "GER"]
[EventRounds "7"]
[EventType "team-swiss"]
[EventDate "2003.12.26"]

1. e4 c5 2. Nc3 Nc6 3. f4 e6 4. Nf3 d5 5. e5 Be7 6. Bb5 Nh6 7. O-O O-O 8. Bxc6
bxc6 9. d3 Ba6 10. b3 c4 11. dxc4 Qb6+ 12. Kh1 Ng4 13. Nd4 dxc4 14. Na4 Qd8 15.
Qxg4 Qxd4 16. Bb2 Qe4 17. Rf2 Rfd8 18. Qf3 Qxf3 19. Rxf3 Rd2 20. Rc1 Rad8 21.
h3 h5 22. Bc3 Rd1+ 23. Rxd1 Rxd1+ 24. Kh2 Bb5 25. Nb2 cxb3 26. cxb3 Rc1 27. Bd4
c5 28. Bg1 Bc6 29. Nd3 Rd1 30. Re3 Rd2 31. Ne1 Bh4 32. Nf3 Bxf3 33. Rxf3 Rxa2
34. Bxc5 a6 35. b4 Be1 36. Rb3 h4 37. Kh1 Bg3 38. Rf3 Ra1+ 39. Bg1 Rb1 40. f5
exf5 41. Rxf5 g6 42. Rf3 Bxe5 43. Rd3 Bg3 44. Rd8+ Kg7 45. Rd2 Bc7 46. g4 Bb6
47. Rg2 Bxg1 48. Rxg1 Rxg1+ 49. Kxg1 Kf6 50. Kf2 Ke5 51. Ke3 f5 52. gxf5 gxf5
53. Kf3 f4 54. Kf2 Ke4 55. Ke2 f3+ 56. Kf2 Kf4 57. Kf1 Kg3 58. Kg1 Kxh3 59. Kf2
Kg4 60. Kg1 Kg3 0-1

[Event "DVM U16 2003"]
[Site "Greifswald GER"]
[Date "2003.12.28"]
[Round "4"]
[White "Augner, Björn"]
[Black "Ozga, Christian"]
[Result "1/2-1/2"]
[Termination "normal"]
[Board "7.3"]
[WhiteElo "1759"]
[BlackElo "1253"]
[WhiteTeam "SF Conweiler"]
[BlackTeam "SK Gau-Algesheim"]
[PlyCount "72"]
[EventCountry "GER"]
[EventRounds "7"]
[EventType "team-swiss"]
[EventDate "2003.12.26"]

1. c4 e5 2. Nc3 Nc6 3. g3 Nf6 4. Bg2 Bb4 5. Nd5 Bc5 6. e3 O-O 7. Ne2 Nb4 8.
Nxb4 Bxb4 9. a3 Be7 10. O-O c6 11. b4 d5 12. cxd5 cxd5 13. Bb2 Bd6 14. d4 e4
15. Qb3 Be6 16. a4 Qd7 17. Nf4 Bxf4 18. exf4 Bg4 19. Rac1 Rac8 20. b5 Rxc1 21.
Rxc1 Rc8 22. Rxc8+ Qxc8 23. Qc3 Qxc3 24. Bxc3 Nd7 25. a5 b6 26. a6 Kf8 27. Bb4+
Ke8 28. h3 Be2 29. Bf1 Bxf1 30. Kxf1 f5 31. g4 g6 32. Kg2 Kf7 33. Bd6 Ke6 34.
Bc7 Kf7 35. Kg3 h6 36. h4 h5 1/2-1/2

[Event "DVM U16 2003"]
[Site "Greifswald GER"]
[Date "2003.12.28"]
[Round "4"]
[White "Grieb, Tobias"]
[Black "Dietenbach, Ingo"]
[Result "0-1"]
[Termination "normal"]
[Board "7.4"]
[WhiteElo "973"]
[BlackElo "1361"]
[WhiteTeam "SK Gau-Algesheim"]
[BlackTeam "SF Conweiler"]
[PlyCount "122"]
[WhiteFideId "1270616"]
[EventCountry "GER"]
[EventRounds "7"]
[EventType "team-swiss"]
[EventDate "2003.12.26"]

1. Nf3 c5 2. e4 Nc6 3. Bc4 Nf6 4. Nc3 d6 5. d3 h6 6. Be3 Bg4 7. Qe2 Nd4 8. Bxd4
cxd4 9. Nd5 Nxd5 10. Bxd5 Rb8 11. h3 Bh5 12. g4 Bg6 13. Nxd4 e5 14. Nb3 Qf6 15.
O-O-O h5 16. Rdf1 Qf4+ 17. Kb1 f6 18. Na5 Bf7 19. Bxf7+ Kxf7 20. d4 Rc8 21. d5
Rc7 22. f3 g6 23. Rhg1 Bh6 24. Nc4 Ke7 25. gxh5 gxh5 26. Rg2 Rhc8 27. Na3 Qe3
28. Qxe3 Bxe3 29. Re1 Bg5 30. Reg1 h4 31. Rd1 a6 32. f4 Bxf4 33. c3 b5 34. Nc2
a5 35. Rdg1 Bg5 36. Ne3 Kd7 37. Nf5 b4 38. Nxh4 bxc3 39. bxc3 Rxc3 40. Nf5 Rb8+
41. Rb2 Rxb2+ 42. Kxb2 Rxh3 43. Rc1 Bxc1+ 44. Kxc1 Rh2 45. Kb1 Re2 46. Ng3 Re3
47. Nh5 Ke7 48. Ng7 Rxe4 49. Nf5+ Kd7 50. Ng7 Rd4 51. Nh5 f5 52. Kc2 f4 53. a4
Rxa4 54. Kc3 Rd4 55. Nf6+ Ke7 56. Ng4 a4 57. Nf2 Rxd5 58. Nd3 Rxd3+ 59. Kxd3 a3
60. Kc2 f3 61. Kc1 f2 0-1

[Event "DVM U16 2003"]
[Site "Greifswald GER"]
[Date "2003.12.28"]
[Round "4"]
[White "Luft, Dennis"]
[Black "Ehrhardt, Eric"]
[Result "0-1"]
[Termination "normal"]
[Board "8.1"]
[WhiteElo "1817"]
[BlackElo "2060"]
[WhiteTeam "SF Brackel 30"]
[BlackTeam "SG Turm Leipzig"]
[PlyCount "62"]
[WhiteFideId "24623717"]
[BlackFideId "24602450"]
[EventCountry "GER"]
[EventRounds "7"]
[EventType "team-swiss"]
[EventDate "2003.12.26"]

1. e4 c5 2. Nf3 d6 3. d4 cxd4 4. Nxd4 Nf6 5. Nc3 a6 6. Bg5 Nc6 7. Nb3 e6 8. f4
Be7 9. Qf3 O-O 10. O-O-O Qc7 11. g4 b5 12. h4 b4 13. Ne2 a5 14. Bxf6 Bxf6 15.
g5 Be7 16. f5 Ne5 17. Qf4 exf5 18. exf5 Bb7 19. Rg1 Rfc8 20. Na1 Ba6 21. Kb1
Rab8 22. h5 d5 23. Nd4 Bc4 24. f6 Bf8 25. fxg7 Bxg7 26. Nf5 b3 27. Bxc4 bxc2+
28. Nxc2 Nxc4 29. Ncd4 Na3+ 30. Ka1 Nc2+ 31. Kb1 Rxb2+ 0-1

[Event "DVM U16 2003"]
[Site "Greifswald GER"]
[Date "2003.12.28"]
[Round "4"]
[White "Schumacher, Markus"]
[Black "Heyden, Jonas"]
[Result "1-0"]
[Termination "normal"]
[Board "8.2"]
[WhiteElo "1629"]
[BlackElo "1630"]
[WhiteTeam "SG Turm Leipzig"]
[BlackTeam "SF Brackel 30"]
[PlyCount "71"]
[BlackFideId "24638510"]
[EventCountry "GER"]
[EventRounds "7"]
[EventType "team-swiss"]
[EventDate "2003.12.26"]

1. e4 e5 2. Nf3 Nc6 3. Bb5 a6 4. Bxc6 dxc6 5. d4 exd4 6. Qxd4 Qxd4 7. Nxd4 Nf6
8. f3 Bc5 9. c3 O-O 10. Nd2 Rd8 11. N2b3 Ba7 12. Bg5 h6 13. Bxf6 gxf6 14. O-O-O
c5 15. Ne2 Be6 16. Kc2 Rd6 17. Rd2 Rad8 18. Rhd1 Kf8 19. Nf4 Rxd2+ 20. Rxd2
Rxd2+ 21. Nxd2 c6 22. Nxe6+ fxe6 23. Nc4 Ke7 24. Na5 Bb6 25. Nxb7 c4 26. b4
cxb3+ 27. Kxb3 f5 28. exf5 exf5 29. Kc4 Kf6 30. Nc5 Kg5 31. Nxa6 Kf4 32. Nb4
Ke3 33. Nxc6 f4 34. Kd5 Kf2 35. Ke4 Bc7 36. a4 1-0

[Event "DVM U16 2003"]
[Site "Greifswald GER"]
[Date "2003.12.28"]
[Round "4"]
[White "Klug, Alexander"]
[Black "Jänig, Philipp"]
[Result "1/2-1/2"]
[Termination "normal"]
[Board "8.3"]
[WhiteElo "1704"]
[BlackElo "1494"]
[WhiteTeam "SF Brackel 30"]
[BlackTeam "SG Turm Leipzig"]
[PlyCount "88"]
[EventCountry "GER"]
[EventRounds "7"]
[EventType "team-swiss"]
[EventDate "2003.12.26"]

1. e4 c5 2. c3 d5 3. exd5 Qxd5 4. d4 cxd4 5. Nf3 Nc6 6. Nxd4 Nxd4 7. cxd4 Nf6
8. Nc3 Qa5 9. Bc4 g6 10. Qb3 e6 11. O-O a6 12. Bd2 Bg7 13. Rad1 O-O 14. Rfe1
Qc7 15. a4 Rd8 16. d5 exd5 17. Nxd5 Nxd5 18. Bxd5 Bf5 19. Bc3 Bxc3 20. bxc3
Rab8 21. Qb4 Rd7 22. g4 Rbd8 23. gxf5 Rxd5 24. Rxd5 Rxd5 25. f6 Qd7 26. Qf4 h5
27. Kg2 Qc6 28. f3 Rf5 29. Qe4 Qxe4 30. Rxe4 Rxf6 31. Re7 Rb6 32. Kf2 Kg7 33.
Rc7 Kf6 34. a5 Rb5 35. c4 Rb3 36. c5 Rb5 37. c6 bxc6 38. Rxc6+ Ke5 39. Rxa6 f6
40. Ke3 g5 41. Ra8 Rb3+ 42. Kf2 Kf4 43. a6 Rxf3+ 44. Kg2 Ra3 1/2-1/2

[Event "DVM U16 2003"]
[Site "Greifswald GER"]
[Date "2003.12.28"]
[Round "4"]
[White "Ebert, Andreas"]
[Black "Schöttler, Richard"]
[Result "0-1"]
[Termination "normal"]
[Board "8.4"]
[WhiteElo "1624"]
[BlackElo "1590"]
[WhiteTeam "SG Turm Leipzig"]
[BlackTeam "SF Brackel 30"]
[PlyCount "80"]
[EventCountry "GER"]
[EventRounds "7"]
[EventType "team-swiss"]
[EventDate "2003.12.26"]

1. d4 d5 2. c4 c6 3. Nf3 Nf6 4. Bg5 Nbd7 5. e3 e6 6. a3 a6 7. Nc3 Be7 8. Be2
dxc4 9. Bxc4 b5 10. Be2 c5 11. O-O Bb7 12. Rc1 O-O 13. Bxf6 Bxf6 14. Rc2 Rc8
15. Rd2 Qc7 16. Bd3 Nb6 17. Qe2 Rfd8 18. Rfd1 g6 19. dxc5 Qxc5 20. Rc2 Qe7 21.
Ne4 Bxe4 22. Bxe4 Rxc2 23. Qxc2 Rxd1+ 24. Qxd1 Bxb2 25. Nd4 Bxa3 26. Qb3 Nc4
27. Bd3 Qb4 28. g3 Qxb3 29. Nxb3 Bb4 30. Kf1 Nd2+ 31. Nxd2 Bxd2 32. Ke2 Bb4 33.
Kd1 Kf8 34. Kc2 Ke7 35. Kb3 Bc5 36. Be2 Kd6 37. Bf1 Kc6 38. Bd3 Kb6 39. Be2 a5
40. Bd3 a4+ 0-1

[Event "DVM U16 2003"]
[Site "Greifswald GER"]
[Date "2003.12.28"]
[Round "4"]
[White "Nurovic, Semir"]
[Black "Thiery, Ian"]
[Result "1-0"]
[Termination "normal"]
[Board "9.2"]
[WhiteElo "1500"]
[BlackElo "1602"]
[WhiteTeam "SV 1932 Wermelskirchen"]
[BlackTeam "SC Rochade Saarlouis 93"]
[PlyCount "145"]
[EventCountry "GER"]
[EventRounds "7"]
[EventType "team-swiss"]
[EventDate "2003.12.26"]

1. d4 d5 2. e4 dxe4 3. Nc3 Bf5 4. f3 e3 5. Bxe3 Nf6 6. Bd3 Bxd3 7. Qxd3 c6 8.
Nge2 e6 9. Ne4 Be7 10. Rd1 Nbd7 11. c4 O-O 12. O-O Nb6 13. Bg5 Rc8 14. b3 h6
15. Nxf6+ Bxf6 16. Bxf6 Qxf6 17. f4 Rfe8 18. Ng3 Rcd8 19. Ne4 Qe7 20. c5 Nc8
21. Rf3 f5 22. Ng3 Qf7 23. Nf1 Ne7 24. Ne3 Rd7 25. Nc4 Ng6 26. Nd6 Rxd6 27.
cxd6 Qd7 28. g3 Qxd6 29. Qc2 Ne7 30. Qc5 Qxc5 31. dxc5 Nd5 32. Kf2 Kf7 33. a3
Re7 34. b4 a6 35. Rb3 e5 36. fxe5 Rxe5 37. Re1 Rxe1 38. Kxe1 g5 39. a4 Nc7 40.
Rd3 Nd5 41. b5 axb5 42. axb5 Kf6 43. bxc6 bxc6 44. Ra3 Ke6 45. Ra8 Kf7 46. Rd8
Ne7 47. Rd6 h5 48. h4 gxh4 49. gxh4 Ng6 50. Rxc6 Nxh4 51. Kf2 f4 52. Rh6 Ke7
53. Rxh5 Ng6 54. c6 Kd8 55. Kf3 Ne7 56. Rh8+ Kc7 57. Rh7 Kd6 58. c7 Nc8 59.
Kxf4 Nb6 60. Ke4 Nc8 61. Kd4 Nb6 62. Rg7 Nc8 63. Kc4 Kc6 64. Kb4 Kb6 65. Kc4
Kc6 66. Kd4 Kd6 67. Ke4 Ke6 68. Kf4 Kd6 69. Kg5 Ke6 70. Kh6 Kd6 71. Kh7 Ke6 72.
Kg8 Kd6 73. Kf8 1-0

[Event "DVM U16 2003"]
[Site "Greifswald GER"]
[Date "2003.12.28"]
[Round "4"]
[White "Loew, Frederic"]
[Black "Wirths, Clara"]
[Result "1-0"]
[Termination "normal"]
[Board "9.3"]
[WhiteElo "1456"]
[BlackElo "1508"]
[WhiteTeam "SC Rochade Saarlouis 93"]
[BlackTeam "SV 1932 Wermelskirchen"]
[PlyCount "105"]
[BlackFideId "24632597"]
[EventCountry "GER"]
[EventRounds "7"]
[EventType "team-swiss"]
[EventDate "2003.12.26"]

1. d4 f5 2. Nc3 Nf6 3. Nf3 e6 4. e3 Bb4 5. Bd2 O-O 6. Bd3 b6 7. O-O Bb7 8. a3
Bxc3 9. Bxc3 Nc6 10. Re1 Ne7 11. b4 Ne4 12. Bxe4 fxe4 13. Ng5 h6 14. Nh3 Nd5
15. Bb2 Qh4 16. c4 Nf6 17. Rf1 Ng4 18. a4 d5 19. Qc2 Rf7 20. Ba3 Bc8 21. Qe2 e5
22. f4 exd4 23. exd4 Bb7 24. c5 bxc5 25. bxc5 Qf6 26. Qxg4 Qxd4+ 27. Kh1 e3 28.
Qd1 Qe4 29. Qb1 e2 30. Qxb7 exf1=Q+ 31. Rxf1 Re8 32. Qxa7 d4 33. c6 d3 34. Qa5
Qe2 35. Rg1 d2 36. Qd5 Qe3 37. Bb4 Re6 38. Bxd2 Qe4 39. Qxe4 Rxe4 40. Ra1 Rc4
41. a5 Rxc6 42. a6 Rf8 43. a7 Ra8 44. g3 Rc2 45. Be3 c5 46. Ra5 c4 47. Rb5 Kf7
48. Rb8 Rxa7 49. Bxa7 c3 50. Rc8 Kg6 51. Bd4 Rc1+ 52. Ng1 c2 53. Bb2 1-0

[Event "DVM U16 2003"]
[Site "Greifswald GER"]
[Date "2003.12.28"]
[Round "4"]
[White "Koch, Florian"]
[Black "Schwanengel, Moritz"]
[Result "1-0"]
[Termination "normal"]
[Board "9.4"]
[WhiteElo "1233"]
[BlackElo "1184"]
[WhiteTeam "SV 1932 Wermelskirchen"]
[BlackTeam "SC Rochade Saarlouis 93"]
[PlyCount "73"]
[EventCountry "GER"]
[EventRounds "7"]
[EventType "team-swiss"]
[EventDate "2003.12.26"]

1. c4 e5 2. Nc3 Nc6 3. Nf3 Nf6 4. d3 h6 5. g3 Bc5 6. Bg2 d6 7. O-O Bg4 8. a3 a5
9. Qc2 O-O 10. Rb1 Qe7 11. Nd5 Qd8 12. b4 axb4 13. axb4 Nxd5 14. bxc5 Ndb4 15.
Qc3 Na6 16. cxd6 cxd6 17. Rxb7 Nc5 18. Rb1 Qc7 19. Re1 Rfd8 20. Be3 e4 21. Nd2
exd3 22. exd3 Bf5 23. Be4 Nxe4 24. dxe4 Be6 25. Bb6 Qc8 26. Bxd8 Qxd8 27. Red1
Ne5 28. c5 f6 29. c6 Qc7 30. Rdc1 Ra6 31. Rb7 Qxc6 32. Qxc6 Nxc6 33. Rc7 Ne5
34. Re7 Bf7 35. f4 Nc6 36. Rd7 Nd4 37. Rc8+ 1-0

[Event "DVM U16 2003"]
[Site "Greifswald GER"]
[Date "2003.12.28"]
[Round "4"]
[White "Willert, Christof"]
[Black "Hirschfeld, Sebastian"]
[Result "1-0"]
[Termination "normal"]
[Board "10.1"]
[WhiteElo "1536"]
[BlackElo "1443"]
[WhiteTeam "Schachverein Gryps"]
[BlackTeam "Schachverein Gryps 2"]
[PlyCount "71"]
[EventCountry "GER"]
[EventRounds "7"]
[EventType "team-swiss"]
[EventDate "2003.12.26"]

1. d4 d5 2. c4 e6 3. Nc3 Nf6 4. Nf3 Nbd7 5. Bg5 c6 6. e3 Be7 7. Bd3 dxc4 8.
Bxc4 Nd5 9. Bxe7 Qxe7 10. O-O O-O 11. a3 f5 12. Re1 N7f6 13. Qc2 Nxc3 14. bxc3
Ne4 15. a4 h5 16. Ne5 Rf6 17. f3 Nd6 18. Bb3 h4 19. e4 f4 20. Nxc6 bxc6 21. e5
Rh6 22. exd6 Qxd6 23. h3 Kh8 24. Re5 Bd7 25. Rae1 Rf8 26. Qe2 Rff6 27. Qa6 Qb8
28. Rb1 Qc7 29. Bc2 Bc8 30. Qa5 Rf7 31. Qc5 Rhf6 32. Rh5+ Kg8 33. Bh7+ Kh8 34.
Bg6+ Kg8 35. Bxf7+ Kxf7 36. Rh8 1-0

[Event "DVM U16 2003"]
[Site "Greifswald GER"]
[Date "2003.12.28"]
[Round "4"]
[White "Hartmann, Elisa"]
[Black "Völsgen, Georg"]
[Result "1/2-1/2"]
[Termination "normal"]
[Board "10.2"]
[WhiteElo "1208"]
[BlackElo "1449"]
[WhiteTeam "Schachverein Gryps 2"]
[BlackTeam "Schachverein Gryps"]
[PlyCount "72"]
[WhiteFideId "4616235"]
[BlackFideId "24635901"]
[EventCountry "GER"]
[EventRounds "7"]
[EventType "team-swiss"]
[EventDate "2003.12.26"]

1. e4 e5 2. Nf3 Nc6 3. Nc3 Nf6 4. Bb5 Bb4 5. d3 d6 6. O-O a6 7. Ba4 Be6 8. Bg5
h6 9. Bxf6 gxf6 10. Bxc6+ bxc6 11. Nd2 Ke7 12. Kh1 Bc5 13. Nb3 Bb6 14. Na4 Ba7
15. Qd2 h5 16. c4 h4 17. Rac1 h3 18. g3 Qg8 19. c5 d5 20. Qa5 Qc8 21. Nd2 Rb8
22. b3 d4 23. Nb1 Rb5 24. Qd2 Qg8 25. f4 Rh7 26. f5 Bd7 27. Na3 Rb8 28. Qe2 Qg5
29. Rc2 Rhh8 30. Qd2 Qxd2 31. Rxd2 Ra8 32. Rc1 Bb8 33. Rb2 a5 34. Nc4 Bc8 35.
Rd1 Bd7 36. Rc1 Rg8 1/2-1/2

[Event "DVM U16 2003"]
[Site "Greifswald GER"]
[Date "2003.12.28"]
[Round "4"]
[White "Hollatz, Michael"]
[Black "Nautsch, Andreas"]
[Result "0-1"]
[Termination "normal"]
[Board "10.3"]
[WhiteElo "1339"]
[BlackElo "1139"]
[WhiteTeam "Schachverein Gryps"]
[BlackTeam "Schachverein Gryps 2"]
[PlyCount "80"]
[WhiteFideId "4622820"]
[EventCountry "GER"]
[EventRounds "7"]
[EventType "team-swiss"]
[EventDate "2003.12.26"]

1. e4 e5 2. Nf3 Nc6 3. Bc4 Bc5 4. O-O Nf6 5. d3 O-O 6. c3 a6 7. b4 Be7 8. a4 d5
9. exd5 Nxd5 10. Qb3 Be6 11. Rd1 Bf6 12. g3 Nce7 13. d4 e4 14. Ne5 c6 15. a5
Qc7 16. Bxd5 Nxd5 17. c4 Bxe5 18. cxd5 Bxd5 19. Qc3 Bd6 20. Bb2 b6 21. Re1 f6
22. Nd2 Rfe8 23. Nc4 bxa5 24. Nxa5 Rab8 25. Ba3 Rb5 26. Rab1 f5 27. Rb2 f4 28.
Nc4 Bxc4 29. Qxc4+ Rd5 30. Rbe2 fxg3 31. hxg3 Bxg3 32. fxg3 Qxg3+ 33. Kh1 Kh8
34. Qxd5 cxd5 35. Re3 Qh4+ 36. Kg2 Rf8 37. Rh1 Qf2+ 38. Kh3 Qxe3+ 39. Kg2 Rf2+
40. Kg1 Qg3# 0-1

[Event "DVM U16 2003"]
[Site "Greifswald GER"]
[Date "2003.12.28"]
[Round "4"]
[White "Tsoumanis, Konstantinos"]
[Black "Zimmermann, Gordon"]
[Result "0-1"]
[Termination "normal"]
[Board "10.4"]
[WhiteElo "984"]
[BlackElo "1336"]
[WhiteTeam "Schachverein Gryps 2"]
[BlackTeam "Schachverein Gryps"]
[PlyCount "48"]
[BlackFideId "24624330"]
[EventCountry "GER"]
[EventRounds "7"]
[EventType "team-swiss"]
[EventDate "2003.12.26"]

1. e4 e5 2. Nf3 Nc6 3. Bb5 a6 4. Ba4 Nf6 5. Nc3 Be7 6. O-O b5 7. Bb3 d6 8. Nd5
Bb7 9. c4 Na5 10. d3 bxc4 11. dxc4 Nxe4 12. Bd2 Nxd2 13. Qxd2 Nxb3 14. axb3 O-O
15. h4 Rb8 16. Nxe7+ Qxe7 17. Qa5 Bxf3 18. gxf3 Rxb3 19. Qd2 Rxf3 20. Rxa6 Qxh4
21. Rc1 Rh3 22. Kf1 Rh2 23. Ke2 Qxf2+ 24. Kd3 Qxd2+ 0-1